000 01254nam a2200217 a 4500
001 000046505
003 OSt
005 20201123123205.0
008 150820s2015 dr ac 000 0 spa d
020 _a9789945408966
040 _aDO-SdBNP
_bspa
_cBNPHU
082 _bG569o
100 1 _aGómez Cerda, José
_98583
245 1 4 _aLos organismos genéticamente manipulados (OGM) /
_cJosé Gómez Cerda.
260 _aSanto Domingo :
_bArgos,
_c2015.
300 _a93 p. :
_bil., retrs. ;
_c22 cm.
500 _aIncluye datos biográficos del autor en las solapas.
505 0 _tIntroducción --
_tLa genética --
_tLas nuevas tecnologías --
_t¿Qué es una manipulación genética? --
_tManipulación con el ser humano --
_t¿Qué es el ADN? --
_tLos OGM y la alimentación humana --
_t Los OGM y los animales --
_t Los OGM y la agricultura: manipulación vegetal --
_tComo afectan al medio ambiente --
_tCondiciones de vida y trabajo --
_tLos OGM y el comercio --
_tEmpresas multinacionales globales que fabrican OGM --
_tPolíticas de relaciones públicas de empresas multinacionales --
_t¿Qué organizaciones defienden a los consumidores? --
_tActualidad --
_t Libro de José Gómez Cerda --
590 _aInventariado, 2020 /LP
942 _2ddc
_cLBS1
999 _c45994
_d45994